00458nam a2200097Ia 4500008004100000100002800041245018400069260003200253650001400285856006100299160909s9999 xx 000 0 und d aPapoulias, Lambe Bobby. aDetermining the dominant learning style of millennial students enrolled in online business courses to help instructors apply the appropriate teaching methodology in online courses bPepperdine Universityc2016 aEDUC/SPED uhttp://pqdtopen.proquest.com/doc/1800286752.html?FMT=ABS